000 00477nam a2200181Ia 4500
001 17753
005 20260306171540.0
008 260306s9999||||xx |||||||||||||| ||und||
041 _aESP
082 _aS 658.1115
_bJ72
100 _aJones, Kumen H.
_eAUT
245 0 _aIntroducción a la Contabilidad Administrativa:
_bPerspectiva del usuario
260 _c2001
300 _axxiii, 455 páginas :
_c27 cm.
650 _aGEN
654 _aCAN
942 _cLIB
_dJUS
_fJUS
_2ddc
_n
999 _c17753
_d17753